000 00814nam a2200229 4500
008 010814s1997 us 0 engYA
020 _a1850756376
090 _aBL473.5
_bB51
100 1 _aBinger, Tilde
245 1 0 _aAsherah :
_bgoddesses in Ugarit, Israel and the Old Testament /
_cTilde Binger.
260 _aEngland :
_bSheffield Academic Press,
_cc1997.
300 _a190 p.
490 1 _aCopenhagen internatinal seminar;
_v2
490 1 _aJournal for the study of the Old Testament supplement series;
_v232
504 _aBiblio. : pp. 176-183.
650 4 _aAsherah (Goddess).
650 4 _aGoddesses (Ugaritic).
650 4 _aGoddesses.
650 4 _aUgaritic literature
_xRelation to the Old Testament.
950 0 _59/27
951 _p23844
_x00014512
_oBL473.5/B51
_j070613110943562
_d2000-12-21
_cREF
999 _c2783
_d2783